000 01393 a2200265 4500
003 Nust
005 20221125140650.0
010 _a 93019436
020 _a0471528501
040 _cNust
082 0 0 _a621.38132,GAR
100 1 _aGardiol, Fred E.
_9103624
245 1 0 _aMicrostrip circuits /
_cFred Gardiol.
260 _aNew York :
_bWiley,
_cc1994.
300 _axx, 300 p. :
_bill. ;
_c25 cm.
440 0 _aWiley series in microwave and optical engineering
_955177
505 _aIntroduction (Page-1), Basic Electromagnetic (Page-15), Transmission Lines (Page-33), Device (Page-61), Discontinuities (Page-83), Couplers and Junctions (Page-91), Resonators and Filters (Page-123), Transistor Amplifiers and Oscillators (Page-135), Solid State Devices (Page-155), Mathematical Techniques (Page-173), Microstrip Antennas (Page-199), Computer Aided Design (Page-213), Fabrication Techniques (Page-233), Measurement Techniques (Page-249).
650 0 _aMicrowave circuits.
650 0 _aMicrowave integrated circuits.
_9103625
650 0 _aStrip transmission lines.
_9103626
856 4 2 _3Contributor biographical information
_uhttp://www.loc.gov/catdir/bios/wiley042/93019436.html
856 4 2 _3Publisher description
_uhttp://www.loc.gov/catdir/description/wiley033/93019436.html
856 4 2 _3Table of Contents
_uhttp://www.loc.gov/catdir/toc/onix04/93019436.html
942 _2ddc
_cBK
999 _c181926
_d181926